000 00970nam a2200289 i 4500
003 DO-SdBNP
005 20250729105256.0
007 ta
008 250729s2004 dr 000 0 spa d
040 _aDO-SdBNP
_bspa
_cBNPHU
_erda
041 _aspa
082 _a372.61
_bJ564l, 2004
_222
100 1 _aJiminián de Moquete, Marcia
_eautora
_958530
_4aut.
245 1 0 _aLengua española básica :
_btécnicas de expresión /
_cMarcia Jiminián de Moquete, Maria del Carmen Cot de Ureña.
250 _aDuodécima edición
264 1 _aSanto Domingo :
_bEdiciones MSC,
_c2004.
300 _a163 páginas ;
_c28 cm.
336 _atexto
_btxt
_2rdacontent
337 _asin mediación
_bn
_2rdamedia
338 _avolumen
_bnc
_2rdacarrier
504 _aBibliografía: p. 161
590 _aInventariado, 2025/ YL
650 4 _aEspañol
_xEnseñanza
_9406
700 1 _aCot de Ureña, María del Carmen,
_eautora
_958531
_4aut.
910 _aYLockward
942 _2ddc
_cLBS1
999 _c59669
_d59669